zpět

Detail výsledku týmu

Expedice, Šternberk

Datum a čas kvízu

33.5 Celkem bodů Celkový počet nahraných bodů na tomto kvízu bez doplňovacích otázek.
5. Pořadí na kvízu Konečné umístění týmu na tomto kvízu.

Zaznamenané odpovědi

# Otázka Odpověď Body Výsledky
1. Minulý týden bylo oznámeno, že... Intercamp 0
2. V ugandském národním parku Kib... šimpanz 1
3. V sobotu se na pražském Výstav... Mňága a Žďorp 1
4. Americký deník The New York Ti... bitcoin 0
5. Cyklistický závod Kolem Flande... A 1
6. Vaším prvním úkolem v dnešním... 1D 2C 3A 4B 1
7. Poznejte gangsterku dle stručn... Dannyho parťáci (Ocean's Eleven) 1
8. Italští herci Carlo Pedersoli... Bud Spencer a Terence Hill 1
9. Gangster, na kterého se ptáme,... Jabba Hutt 0
10. Uveďte jméno i příjmení postav... John Wick 1